| 000 | 00703nmc a2200277 a 4500 | ||
|---|---|---|---|
| 003 | AR-BaBNM | ||
| 005 | 20251128203629.0 | ||
| 008 | 097019s1946 ||||||||||||||000 | spa|| | ||
| 040 | _cAR-BaBNM | ||
| 100 | 1 | _aMistral, Gabriela | |
| 245 | 1 | 0 |
_aAntología _bselección de la autora |
| 250 | _a2ª ed. | ||
| 260 |
_aSantiago de Chile _bZigzag _c1946 |
||
| 300 | _a318 p. | ||
| 490 | 0 | _aPoesías | |
| 650 | 4 | _aLITERATURA CHILENA | |
| 650 | 4 | _aANTOLOGIAS | |
| 650 | 4 | _aESCRITORES | |
| 650 | 4 | _aLITERATURA LATINOAMERICANA | |
| 650 | 4 | _aPOESIA | |
| 650 | 4 | _aLITERATURA CONTEMPORANEA | |
| 655 | _aLITERATURA | ||
| 700 | 1 |
_aEdwards Matte, Ismael _eprologuista |
|
| 942 | _cBK | ||
| 998 | _cMARTIN | ||
| 999 |
_c4228 _d4228 |
||